Construir una buena escuela : herramientas para el director /

Guardado en:
Autor Principal: Gvirtz, Silvina
Otros Autores: Abregú, Victoria, Zacarias, Ivana
Formato: Libro
Publicado: Buenos Aires : Aique, 2012
Edición:1a. reimp.
Series:Nueva Carrera Docente / Silvina Gvirtz
Materias:
Etiquetas: Agregar Etiqueta
Sin Etiquetas, Sea el primero en etiquetar este registro!
LEADER 01456nam a22002535a 4500
001 CEM.cems013733
005 20120802153746.0
008 130507s2012##################000#0#####d
003 CEMS
020 |a 9789870603214 
082 0 4 |a 371.2 
100 1 |a Gvirtz, Silvina 
245 1 0 |a Construir una buena escuela :  |b herramientas para el director /  |c Silvina Gvirtz, Victoria Abregú E Ivana Zacarias 
250 |a 1a. reimp. 
260 |a Buenos Aires :  |b Aique,  |c 2012 
300 |a 176 p. 
490 0 |a Nueva Carrera Docente / Silvina Gvirtz 
505 0 |a En este libro recogemos muchos de ese conocimiento generado desde y para las escuelas con el objetivo de ponerlo al servicio de quienes, en forma cotidiana, se enfrentan con el desafío de dirigir una institución educativa ¿Por qué construir una buena escuela?¿a dónde debe apuntar?¿como sabemos si la nuestra es una buena escuela?. Este libro puede ser visto como un instrumento que a partir de una lectura amena, apoyada en una gran variedad de recursos visuales y en casos concretos, nos invita a reflexionar acerca de cuál es la escuela que queremos quienes buscamos construir un país con igualdad de oportunidades y justicia social, en donde todas sean buenas escuelas 
653 |a Educación 
653 |a Gestión educativa 
653 |a Dirección de escuelas 
700 1 |a Abregú, Victoria 
700 1 |a Zacarias, Ivana 
859 |a CEMS  |b BIB. CEMS - 11 de abril  |h 371.2  |i G994  |p 26477.12  |t Ej.1